000 00904pam a2200265 a 4500
999 _c26645
_d26645
001 3367485
005 20170206090121.0
008 870515s1987 nyua b 000 0 eng
010 _a 87014696
020 _a0807611808
050 0 0 _aNC248.R34 A4 1987
100 1 _aBacou, Roseline.
245 1 0 _aOdilon Redon :
_bpastels /
_cintroduction and commentaries by Roseline Bacou ; translated by Beatrice Rehl.
260 _aNew York :
_bG. Braziller,
_c1987.
300 _a189 p. :
_bill. (some col.) ;
_c33 cm.
504 _aBibliography: p. 186.
600 1 0 _aRedon, Odilon,
_d1840-1916.
700 1 _aRedon, Odilon,
_d1840-1916.
942 _2lcc
_cBOOKS